000 01162nam a22003377a 4500
003 CHAP
005 20220329141536.0
008 971013s1988 r 00010 d
010 _a69898
011 _a70870
035 _a80423
040 _cCHAP
090 _aTesis
100 0 0 _aLeos Moreno, Alfredo.
_966242
245 _aEvaluación de diferentes sistemas de siembra en maíz (Zea mays L.) como factor de competencia a la maleza en Marín, N. L., 1988
260 _aMarín, N. L. :
_bEl autor,
_c1988
300 _a68 h.
500 _a18-178
502 _aTesis (Ing. Agrónomo Fitotecnista) -- Universidad Autónoma de Nuevo León. Fac. de Agronomía
590 _aALEPH
_b10
_c20130110
_lUCH01
_h1409
590 _aBATCH-UPD
_b10
_c20130110
_lUCH01
_h0612
590 _aBATCH-UPD
_b10
_c20130410
_lUCH01
_h0255
590 _aBATCH-UPD
_b10
_c20130914
_lUCH01
_h1722
590 _aCONVERSION
_b10
_c20130109
_lUCH01
_h1338
650 1 4 _aMaíz
_xMalas hierbas
_xControl.
_971003
650 1 4 _aMaíz
_xSiembra.
_971061
650 1 4 _aMalas hierbas
_xCompetencia.
_970009
901 _aBK
942 _cTESIS
949 _bBC
_cTES
_d-33325
_eTS1
_h20777
_i80423
_si
999 _c69898
_d69898